[Event "Lima Santisimo Nombre de Jesus 4"]
[Site "Lima"]
[Date "2014.08.05"]
[Round "?"]
[White "Torres Gutierrez, Shirley"]
[Black "Monge Soriano, Rodolfo"]
[Result "0-1"]
[WhiteElo "1407"]
[BlackElo "1522"]
[PlyCount "45"]
[EventDate "2014.08.04"]
[EventType "swiss"]
[EventRounds "8"]
[EventCountry "PER"]
[SourceTitle "EXT 2024"]
[Source "ChessBase"]
[SourceDate "2023.10.10"]
[SourceVersion "1"]
[SourceVersionDate "2023.10.10"]
[SourceQuality "1"]

1. e4 e5 2. Nf3 Nc6 3. Be2 Nf6 4. d3 Bc5 5. 0-0 h6 6. Nc3 0-0 7. Nd5 d6 8. a3 Nxd5 9. exd5 Ne7 10. b4 Bb6 11. c4 c6 12. dxc6 bxc6 13. Bb2 Ng6 14. Rc1 Bc7 15. c5 d5 16. h3 Re8 17. Rc2 Bd7 18. Re1 Qf6 19. Nh2 Nf4 20. g3 Nxh3+ 21. Kh1 Nxf2+ 22. Kg1 Nxd1 23. Rxd1 0-1

[Event "Lima Santisimo Nombre de Jesus 1"]
[Site "Lima"]
[Date "2014.03.09"]
[Round "4"]
[White "Monge Soriano, Rodolfo"]
[Black "Tenorio, Jesus"]
[Result "0-1"]
[WhiteElo "1530"]
[BlackElo "1626"]
[PlyCount "63"]
[EventDate "2014.03.08"]
[EventType "swiss"]
[EventRounds "8"]
[EventCountry "PER"]
[SourceTitle "EXT 2024"]
[Source "ChessBase"]
[SourceDate "2023.10.10"]
[SourceVersion "1"]
[SourceVersionDate "2023.10.10"]
[SourceQuality "1"]

1. e4 e6 2. d4 d5 3. Nd2 c5 4. c3 Nc6 5. Ngf3 Nf6 6. Bd3 Be7 7. 0-0 0-0 8. Qc2 h6 9. e5 Nd7 10. b3 f6 11. exf6 Nxf6 12. Re1 Bd7 13. Bg6 Rc8 14. Qd1 Qa5 15. Bb2 cxd4 16. cxd4 Nh7 17. a3 Ng5 18. Nxg5 Bxg5 19. Nf3 Bf4 20. Qd3 Rf6 21. Re2 Ne7 22. Bh5 Bb5 23. Qd1 Bxe2 24. Qxe2 Qc7 25. Bg4 Nf5 26. a4 Qc2 27. Qxc2 Rxc2 28. Ba3 Bd6 29. Bxd6 Nxd6 30. Re1 Ne4 31. Rf1 g6 32. h4 0-1